000 01095nam2a22002651 4500
001 v19\rc\1491426
005 20250618155616.0
035 _a(NLR Aleph) 004620971
090 _a3040277
_c3040277
100 _a20060620d1880 |||y0rusy50 ca
101 0 _arus
102 _aRU
105 _aa z |||||
200 0 _aВып. 1
210 _d1880
_aБ. м.
215 _a24 с., LVII л. ил.
461 0 _1001v19\rc\1491425
_12001#$aЭлементарный курс технического рисования$fСост. под ред. В.С. Раича. Вып. 1-$vВып. 1
_93040270
_cМосква
_d1880
_fСост. под ред. В.С. Раича. Вып. 1-
_nКомис. по техн. рисованию при Моск. о-ве распространения техн. знаний
_tЭлементарный курс технического рисования
_vВып. 1
801 0 _aRU
_bNLR
_gpsbo
801 0 _aRU
_bRuMoRGB
_2psbo
801 1 _aRU
_bProSoft-M
_2rusmarc
852 _aNLR
_j18.103.1.168
899 _aRuMoRGB
_jЯ 99/28
899 _aБАН
942 _cBOOK
980 _aNB